| 000 | 00639nam a2200181 i 4500 | ||
|---|---|---|---|
| 001 | 41135 | ||
| 003 | ES-MaACL | ||
| 005 | 20230906160358.0 | ||
| 007 | t| | ||
| 008 | 030310s1913 sp ||||1| spa d | ||
| 245 | 0 | 0 |
_aCartulario de Don Felipe III, Rey de Francia / _cPublicado por Mariano Arigita y Lasa. |
| 260 |
_aMadrid : _bSucesores de Hernando, _c1913. |
||
| 300 |
_aVII, 158 p. ; _c27 cm. |
||
| 500 | _aPrecede al tít.: Junta para Ampliaciones de Estudios e Investigaciones Científicas. | ||
| 700 | 1 |
_aArigita y Lasa, Mariano. _922826 |
|
| 710 | 2 |
_aCentro de Estudios Históricos (1910-1939) _92638 |
|
| 852 |
_aES-MaACL _jG-6181 |
||
| 999 |
_c41135 _d41135 |
||